[Event "Arab Cities-chT 5th"]
[Site "Beirut"]
[Date "2007.04.15"]
[Round "9"]
[White "Al Saadi, Jumaa A Gatea"]
[Black "Shamieh, Mahmoud"]
[Result "0-1"]
[WhiteElo "2285"]
[BlackElo "2206"]
[PlyCount "92"]
[EventDate "2007.04.08"]
[EventType "team"]
[EventRounds "9"]
[EventCountry "LBN"]
[SourceTitle "CBM 117 Extra"]
[Source "ChessBase"]
[SourceDate "2007.05.09"]
[SourceVersion "1"]
[SourceVersionDate "2007.05.09"]
[SourceQuality "1"]

1. d4 Nf6 2. c4 c5 3. d5 b5 4. cxb5 a6 5. e3 axb5 6. Bxb5 Qa5+ 7. Nc3 Ba6 8. Bxa6 Nxa6 9. Nge2 g6 10. 0-0 d6 11. e4 Bg7 12. Bg5 0-0 13. Qd2 Rfb8 14. Rab1 Qb4 15. f3 Rb7 16. Bh6 Bh8 17. h3 Nc7 18. Qd3 Nd7 19. f4 Nb5 20. e5 Nd4 21. Ng3 Qb6 22. exd6 c4 23. Qd1 Nf5+ 24. Kh2 Nxh6 25. dxe7 Qd6 26. Qe2 Re8 27. Qxc4 Rxe7 28. Qc8+ Nf8 29. Nge4 Qd7 30. Qc4 Qd8 31. d6 Re8 32. Nd5 Nf5 33. Rfe1 Ne6 34. Qc6 Rb8 35. Qxe8+ Qxe8 36. Ndf6+ Kf8 37. Nxe8 Kxe8 38. b4 Kd8 39. Nc5 Nxf4 40. d7 Ne6 41. Rbd1 Nfd4 42. Nxe6+ fxe6 43. a3 Kxd7 44. Re4 e5 45. Rf1 Ke6 46. Rc1 Bf6 0-1